Loading...
| Social Science | 0 | 5 | 0 | 1 | 50 | 93 | 109.80 | 0 | 4 |
| Science - Chemistry | 0 | 4 | 1 | 2 | 35 | 107 | 119.25 | 0 | 2 |
| Science - Physics | 1 | 1 | 0 | 1 | 25 | 71 | 101.00 | 0 | 2 |
| Fine Arts - Other Arts | 0 | 1 | 0 | 1 | 10 | 134 | 134.00 | 0 | 1 |
| Visual Arts | 0 | 1 | 0 | 0 | 10 | 129 | 129.00 | 0 | 1 |
| History - European History | 0 | 1 | 0 | 0 | 10 | 124 | 124.00 | 1 | 1 |
| Science - Biology | 0 | 1 | 0 | 0 | 10 | 122 | 122.00 | 0 | 0 |
| Literature - American Literature | 0 | 1 | 0 | 0 | 10 | 91 | 91.00 | 1 | 1 |
| Literature - European Literature | 0 | 0 | 0 | 0 | 0 | 0.00 | 0 | 0 | |
| Beliefs | 0 | 0 | 0 | 0 | 0 | 0.00 | 0 | 0 | |
| Literature - British Literature | 0 | 0 | 0 | 0 | 0 | 0.00 | 0 | 0 | |
| Auditory Arts | 0 | 0 | 0 | 0 | 0 | 0.00 | 0 | 0 | |
| Literature - World Literature | 0 | 0 | 0 | 0 | 0 | 0.00 | 0 | 0 | |
| Science - Other Science | 0 | 0 | 0 | 0 | 0 | 0.00 | 0 | 0 | |
| History - Other History | 0 | 0 | 1 | 0 | -5 | 0.00 | 0 | 0 |